000 00481nam a2200193Ia 4500
005 20240823025710.0
008 240823s9999||||xx |||||||||||||| ||und||
020 _a978-81-9065-6672
041 _aENGLISH
082 _A576 P8
100 _aPradipta K Mohapatra
245 0 _aTextbook of Environmental Microbiology
250 _a1st
260 _c2008
_bI K International Pub.
500 _aYES
650 _aMicrobiology
_bNano Technology
942 _cBK
999 _c186943
_d186943